| 000 | 00505nam a2200181Ia 4500 | ||
|---|---|---|---|
| 008 | 100917s9999 xx 000 0 und d | ||
| 082 | _b21073 | ||
| 100 | _aबापट बळवंत महादेव | ||
| 245 | _aवसईचा किल्ला | ||
| 260 |
_b--- _c1937 |
||
| 300 | _a6 | ||
| 365 | _b1.25 | ||
| 520 | _aप्रवास | ||
| 630 | _aवसईचा किल्ला | ||
| 650 | _aप्रवास | ||
| 730 | _aवसईचा किल्ला | ||
| 942 | _cBOOK | ||
| 999 |
_c626467 _d626464 |
||